Don't even think about it (Record no. 69691)

MARC details
000 -LEADER
fixed length control field 01079cam a2200193 4500
001 - CONTROL NUMBER
control field ABS65121
008 - FIXED-LENGTH DATA ELEMENTS--GENERAL INFORMATION
fixed length control field 020305n2002 000 0 eng u
035 ## - SYSTEM CONTROL NUMBER
System control number (Sirsi) u117000
100 ## - MAIN ENTRY--PERSONAL NAME
Personal name Henchie, N.
245 ## - TITLE STATEMENT
Title Don't even think about it
260 ## - PUBLICATION, DISTRIBUTION, ETC.
Date of publication, distribution, etc. 2002
490 ## - SERIES STATEMENT
Series statement Building
Volume/sequential designation 267(8222) 22 February 2002, 52-53(2)
520 ## - SUMMARY, ETC.
Summary, etc. Warns that adjudication is so flawed even an insubstantial claim has a chance of success. Argues that it may be possible to deter a party from starting adjudication, and to make the process fairer to the responding party, by inserting certain clauses in the contract. An example of such a clause is one which makes the party initialising the process responsible for its entire costs.
590 ## - LOCAL NOTE (RLIN)
Local note ABS
650 ## - SUBJECT ADDED ENTRY--TOPICAL TERM
Topical term or geographic name entry element MANAGEMENT-DISPUTE AVOIDANCE, MANAGEMENT AND RESOLUTION-DISPUTE MANAGEMENT AND RESOLUTION-ALTERNATIVE DISPUTE RESOLUTION-ADJUDICATION
650 ## - SUBJECT ADDED ENTRY--TOPICAL TERM
Topical term or geographic name entry element BUILT ENVIRONMENT-BUILDING CONTRACT FORMS-STANDARD FORMS OF BUILDING CONTRACT-INSTITUTION OF CIVIL ENGINEERS CONTRACTS
690 ## - LOCAL SUBJECT ADDED ENTRY--TOPICAL TERM (OCLC, RLIN)
Topical term or geographic name as entry element DISPUTE RESOLUTION
9 (RLIN) 6236
942 ## - ADDED ENTRY ELEMENTS (KOHA)
Suppress in OPAC 0
Holdings
Withdrawn status Lost status Source of classification or shelving scheme Damaged status Not for loan Home library Current library Shelving location Date acquired Total Checkouts Full call number Barcode Date last seen Copy number Price effective from Koha item type
    Dewey Decimal Classification     London London Journal article 05/03/2002   ABS65121 117000-1001 06/08/2019 1 06/08/2019 Journal article